Sportart des Athleten Quiz - Statistiken

Allgemein
  • Dieses Quiz wurde 13.522 mal gespielt
  • Das Durchschnittsergebnis liegt bei 15 aus 30
Antwortstatistiken
Athlet Sport % Korrekt
David Beckham Fußball
98%
Roger Federer Tennis
98%
Michael Jordan Basketball
96%
Tiger Woods Golf
94%
Muhammad Ali Boxen
92%
Usain Bolt Sprint
92%
Michael Phelps Schwimmen
86%
Wayne Gretzky Eishockey
69%
Babe Ruth Baseball
63%
Joe Montana Football
62%
Hermann Maier Alpines Skifahren
61%
Tony Hawk Skateboarden
60%
Lance Armstrong Radfahren
54%
Jan-Ove Waldner Tischtennis
50%
Sachin Tendulkar Cricket
41%
Alexander Karelin Ringen
39%
Misty May Beachvolleyball
38%
Greg Louganis Wasserspringen
37%
Jonah Lomu Rugby Union
36%
Ronnie O'Sullivan Snooker
35%
Shaun White Snowboarden
32%
Kim Yuna Eiskunstlauf
23%
Randy Couture Mixed Martial Arts
23%
Nadia Comăneci Kunstturnen
18%
Duke Kahanamoku Surfen
14%
Edwin Moses Hürdenlauf
13%
Kevin Martin Curling
11%
Bill Kazmaier Powerlifting
11%
Apolo Ohno Eisschnelllauf
9%
David Belle Parkour
3%
Keine übereinstimmenden Quizze gefunden
Verteilung der Resultate
Anzahl Personen mit jedem Resultat
Perzentil nach korrekt beantworteten Fragen
Ihre Resultats-Entwicklung
Sie haben dieses Quiz noch nicht gespielt